00493cam a22002051 4500001001300000003000400013005001700017008004100034010001700075035002000092040001800112042001200130050002000142100002600162245003700188260001100225300001900236500001500255999001700270sa 64000446 DLC20260227111956.0881028s1963 xx 000 0 hino  asa 64000446  a(OCoLC)23567856 aDLCcMiUdDLC apremarc00aPK1718.S277bK31 aSanyal, Biswa Bandhu.10aKata ghāṭa kata ghaṭanā. c[1963] a175 p.c22 cm. aRomanized. c56231d56231